000 00311nam a22001337a 4500
008 180306b xxu||||| |||| 00| 0 eng d
020 _a9780195307382
041 _aeng
080 _a94
100 _a16
101 _aHIS
245 _aA history of US war, peace, and all that jazz
_cHakim,J
942 _2udc
_cBK
999 _c44214
_d44214